| 000 | 00543nam a2200217Ia 4500 | ||
|---|---|---|---|
| 003 | OSt | ||
| 005 | 20220916110951.0 | ||
| 006 | a|||||r|||| 00| 0 | ||
| 007 | ta | ||
| 008 | Pun | ||
| 024 | _a42,678 | ||
| 037 | _cTextbook | ||
| 040 |
_bPun _aARTS _cARTS |
||
| 041 | _aPun | ||
| 082 | _aP153vN, J3 | ||
| 100 | _aਗੁਰਚਰਨ ਸਿੰਘ | ||
| 245 | 0 | _aਪੰਜਾਬਪ ਬੋਲੀ ਦਾ ਵਿਕਾF | |
| 260 | _c1953 | ||
| 942 |
_hP153vN, J3 _cTB _2CC |
||
| 999 |
_c102451 _d102451 |
||